000 00335nam a2200133Ia 4500
005 20260328104345.0
008 260328s9999||||xx |||||||||||||| ||und||
100 _aSierra, Álvaro
245 0 _aPiratas en cartagena de Indias /
_cÁlvaro Sierra
260 _bArtes Gráficas
300 _a107 p.
650 _aNOVELAS
942 _cBK
999 _c12298
_d12298